5 Largest Political Parties In Every Country A-M - Statistics

General Stats
  • This quiz has been taken 29 times
    11 since last reset
  • The average score is 127 of 498
Answer Stats
Country Positions Symbols Answer % Correct
Antigua and Barbuda Centre Right Antigua and Barbuda Labour Party
100%
Australia Centre Left Australian Labor Party
100%
Barbados Centre Left Barbados Labour Party
100%
Colombia Centre Left Colombian Liberal Party
100%
Belarus Far Left Communist Party of Belarus
100%
China Left Communist Party of China
100%
Cuba Far Left Communist Party of Cuba
100%
Greece Far Left Communist Party of Greece
100%
Dominica Centre Left Dominica Labour Party
100%
Fiji Centre Left Fiji Labour Party
100%
Jamaica Centre Right Jamaica Labour Party
100%
Mexico Left Labor Party
100%
Ireland Centre Left Labour
100%
Malta Centre Left Labour Party
100%
Mauritius Centre Left Labour Party
100%
Brasil Far Right Liberal Party
100%
Australia Centre Right Liberal Party of Australia
100%
Canada Centre Liberal Party of Canada
100%
Honduras Centre Liberal Party of Honduras
100%
Moldova Far Left / Syncretic Party of Communists
100%
Grenada Left Progress Party
100%
Belgium Left Workers' Party of Belgium
100%
Bulgaria Centre Left Bulgarian Socialist Party
88%
Mongolia Centre Civil Will–Green Party
88%
Colombia Centre Right Colombian Conservative Party
88%
Canada Centre Right Conservative Party of Canada
88%
Cyprus Centre Democratic Party
88%
Italy Centre Left Democratic Party
88%
Luxembourg Centre Democratic Party
88%
Mongolia Centre Right Democratic Party
88%
Albania Centre Left Democratic Party of Albania
88%
Equatorial Guinea Big Tent Democratic Party of Equatorial Guinea
88%
Côte d'Ivoire Centre Right Democratic Party of Ivory Coast – African Democratic Rally
88%
Kosovo Centre Right Democratic Party of Kosovo
88%
Mexico Centre Right Ecologist Green Party of Mexico
88%
Austria Far Right Freedom Party of Austria
88%
Canada Centre Left Green Party of Canada
88%
Hungary Centre Left Hungarian Socialist Party
88%
Madagascar Centre Left Madagascar Green Party
88%
Maldives Centre Right Maldives National Party
88%
Maldives Centre Right Maldivian Democratic Party
88%
Mongolia Big Tent National Coalition
88%
Australia Centre Right National Party of Australia
88%
Honduras Centre Right National Party of Honduras
88%
Moldova Left / Syncretic Party of Socialists
88%
Iceland Centre People's Party
88%
Malawi Centre Right People's Party
88%
Barbados Centre Left People's Party for Democracy and Development
88%
Kazakhstan Centre Left People's Party of Kazakhstan
88%
Iraq Big Tent Progress Party
88%
Argentina Centre Right Republican Proposal
88%
India Left Samajwadi Party
88%
Belgium Centre Left Socialist Party
88%
France Centre Left Socialist Party
88%
Albania Centre Left Socialist Party of Albania
88%
Chile Centre Left Socialist Party of Chile
88%
Brasil Centre Left to Left Workers' Party
88%
Georgia Centre Ahali
75%
Germany Centre Left Alliance 90/The Greens
75%
Canada Centre Left Bloc Québécois
75%
Guinea-Bissau Centre Left Guinean Workers' Party
75%
Canada Centre Left New Democratic Party
75%
Austria Centre Right Österreichische Volkspartei
75%
Chile Far Right Republican Party
75%
Maldives Centre Right Republican Party
75%
Bosnia and Herzegovina Centre Left Social Democratic Party
75%
Finland Centre Left Social Democratic Party
75%
Andorra Centre Left Social Democratic Party of Andorra
75%
Croatia Centre Left Social Democratic Party of Croatia
75%
Germany Centre Left Social Democratic Party of Germany
75%
Benin Centre Left The Democrats
75%
Australia Centre Left Australian Greens
63%
Bangladesh Centre Right Bangladesh Nationalist Party
63%
Belize Centre Left Belize Progressive Party
63%
Republic of the Congo Centre Left Congolese Party of Labour
63%
Montenegro Centre Left Democratic Party of Socialists
63%
Germany Left Die Linke
63%
Estonia Centre Right Estonian Reform Party
63%
Bulgaria Centre Right GERB
63%
Lebanon Big Tent Hizbullah
63%
India Centre Indian National Congress
63%
Japan Right Liberal Democratic Party
63%
Malta Centre Right Nationalist Party
63%
Greece Right New Democracy
63%
Brasil Centre Right Progressistas
63%
Cyprus Left Progressive Party of Working People
63%
Ireland Centre Left Sinn Féin
63%
Iceland Centre Left Social Democratic Alliance
63%
Estonia Centre Left Social Democratic Party
63%
Albania Centre Left Social Democratic Party of Albania
63%
Austria Centre Left Social Democratic Party of Austria
63%
Lithuania Centre Left Social Democratic Party of Lithuania
63%
Luxembourg Centre Left The Greens
63%
Austria Centre Left The Greens – The Green Alternative
63%
Denmark Centre Right Venstre
63%
Lesotho Centre Left Alliance of Democrats
50%
Bosnia and Herzegovina Syncretic Alliance of Independent Social Democrats
50%
Germany Far Right Alternative for Germany
50%
Armenia Centre Left Armenia Alliance
50%
India Right Bharatiya Janata Party
50%
Finland Centre Centre Party
50%
Iceland Right Centre Party
50%
Germany Centre Right Christian Democratic Union of Germany
50%
Bosnia and Herzegovina Centre Right Croatian Democratic Union
50%
Croatia Centre Right Croatian Democratic Union
50%
Montenegro Centre Democratic Montenegro
50%
Bhutan Centre Druk Thuendrel Tshogpa
50%
Mauritania Centre Right El Islah
50%
Ireland Centre Right Fine Gael
50%
Italy Left Five Star Movement
50%
Italy Centre Right Forza Italia
50%
Italy Far Right Fratelli d'Italia
50%
Liechtenstein Centre Left Free List
50%
Croatia Right Homeland Movement
50%
France Left La France Insoumise
50%
Belarus Right Liberal Democratic Party of Belarus
50%
Israel Far Right Likud
50%
Bulgaria Centre Movement for Rights and Freedoms
50%
Bolivia Left Movement for Socialism
50%
Mauritius Centre New Democrats
50%
Belgium Centre Right New Flemish Alliance
50%
Australia Right One Nation
50%
Ethiopia Centre Prosperity Party
50%
Denmark Centre Left Social Democrats
50%
Ireland Centre Left Social Democrats
50%
Afghanistan Far Right Taliban
50%
Liberia Centre Unity Party
50%
Bulgaria Centre We Continue the Change
50%
Guinea-Bissau Centre Left African Party for the Independence of Guinea and Cape Verde
38%
Kyrgyzstan Centre Al'yans
38%
Kenya Centre Amani National Congress
38%
Belarus Big Tent Bělaja Ruś
38%
El Salvador Centre Christian Democratic Party
38%
Honduras Centre Right Christian Democratic Party of Honduras
38%
Cyprus Centre Right Democratic Rally
38%
Andorra Centre Right Democrats for Andorra
38%
Liechtenstein Right Democrats for Liechtenstein
38%
Denmark Right Denmark Democrats
38%
Ireland Centre Fianna Fáil
38%
Hungary Far Right Fidesz
38%
Finland Right Finns Party
38%
Czechia Far Right Freedom and Direct Democracy
38%
Georgia Syncretic Georgian Dream
38%
Iceland Centre Right Independence Party
38%
Morocco Centre Right Istiqlal Party
38%
Argentina Centre Left Justicialist Party
38%
Italy Right Lega
38%
Malaysia Far Right Malaysian Islamic Party
38%
Moldova Centre Left National Alternative Movement
38%
France Far Right National Rally
38%
Chile Centre Right National Renewal
38%
Angola Right National Union for the Total Independence of Angola
38%
Austria Centre NEOS – The New Austria and Liberal Forum
38%
Greece Centre Left Panhellenic Socialist Movement – Movement For Change
38%
Moldova Centre Right Party of Action and Solidarity
38%
Dominican Republic Left People's Force
38%
Morocco Centre Right Popular Movement
38%
Angola Left Popular Movement for the Liberation of Angola
38%
France Centre Renaissance
38%
Colombia Centre Left Union Party for the People
38%
Belgium Far Right Vlaams Belang
38%
Republic of the Congo Centre Left Action and Renewal Movement
25%
Cabo Verde Centre Left African Party for the Independence of Cape Verde
25%
Democratic Republic of the Congo ? Agissons and Buildings
25%
Abkhazia Centre Aitaira
25%
Botswana Centre Alliance for Progressives
25%
Abkhazia Centre Right Amtsakhara
25%
Czechia Right ANO
25%
Bangladesh Big Tent Awami League
25%
Botswana Left Botswana People's Party
25%
Brasil Big Tent Brazilian Democratic Movement
25%
Brasil Centre Right Brazil Union
25%
Chile Left Broad Front
25%
Costa Rica Left Broad Front
25%
Cambodia Left Cambodian People's Party
25%
Luxembourg Centre Right Christian Social People's Party
25%
Ecuador Centre Left Citizen Revolution Movement
25%
Czechia Centre Right Civic Democratic Party
25%
Armenia Centre Civil Contract
25%
Greece Centre Left Coalition of the Radical Left
25%
Japan Centre Constitutional Democratic Party
25%
Lebanon Right Free Patriotic Movement
25%
Mozambique Left FRELIMO
25%
Bolivia Centre to Left Frente Para la Victoria
25%
Lithuania Centre Right Homeland Union
25%
Japan Centre Right Komeito
25%
Argentina Right La Libertad Avanza
25%
Laos Far Left Lao People's Revolutionary Party
25%
Lebanon Right Lebanese Forces
25%
Honduras Left Liberty and Refoundation
25%
Czechia Centre Left Mayors and Independents
25%
Cyprus Centre Left Movement for Social Democracy
25%
Mozambique Right Mozambican National Resistance
25%
Mexico Centre Right National Action Party
25%
Finland Centre Right National Coalition Party
25%
Ecuador Right National Democratic Action
25%
Azerbaijan Right New Azerbaijan Party
25%
El Salvador Big Tent Nuevas Ideas
25%
Comoros ? Orange Party
25%
Belgium Centre Right Reformist Movement
25%
Belarus Centre Left Republican Labor and Justice Party
25%
Bulgaria Far Right Revival
25%
Andorra Centre Left Social Democracy and Progress
25%
France Centre Right The Republicans
25%
Monaco Centre Union Monégasque
25%
Abkhazia Centre Right United Abkhazia
25%
Luxembourg Right Alternative Democratic Reform Party
13%
Lebanon Centre Right Amal Movement
13%
Belize Centre Left Belize People's Front
13%
Montenegro Centre Right Bosniak Party
13%
Czechia Centre Right Christian and Democratic Union – Czechoslovak People's Party
13%
Hungary Right Christian Democratic People's Party
13%
Bolivia Centre Civic Community
13%
Iran Centre Right Combatant Clergy Association
13%
Burkina Faso Centre Left Congress for Democracy and Progress
13%
Hungary Centre Left Democratic Coalition
13%
Bosnia and Herzegovina Centre Democratic Front
13%
Barbados Centre Left Democratic Labour Party
13%
Mozambique Centre Right Democratic Movement of Mozambique
13%
Algeria Centre Right Democratic National Rally
13%
Japan Centre Democratic Party For the People
13%
Malawi Centre Democratic Progressive Party
13%
Comoros Centre N/A Democratic Rally of the Comoros
13%
India Left Dravida Munnetra Kazhagam
13%
Estonia Centre Estonia 200
13%
Madagascar Big Tent Firaisankina
13%
Denmark Centre Left Green Left
13%
Grenada Right Grenada United Labour Party
13%
Mexico Big Tent Institutional Revolutionary Party
13%
Israel Centre Right Israel Resilience Party
13%
Côte d'Ivoire Centre Left Ivorian Popular Front
13%
Japan Centre Right Japan Innovation Party
13%
Kiribati Centre Kamanoan Kiribati Party
13%
Iraq Big Tent Kurdistan Democratic Party
13%
Lithuania Centre Liberals' Movement
13%
Andorra Centre Right Liberals of Andorra
13%
Liberia ? Liberty Party
13%
Luxembourg Centre Left Luxembourg Socialist Workers' Party
13%
Malawi Centre Right Malawi Congress Party
13%
Hungary Centre Momentum Movement
13%
Mongolia Centre Left Mongolian People's Party
13%
Guatemala Centre Left Movimiento Semilla
13%
Azerbaijan Centre Müsavat
13%
El Salvador Centre Right National Coalition Party
13%
Djibouti Centre Left National Democratic Party
13%
El Salvador Right Nationalist Republican Alliance
13%
Algeria Centre Left National Liberation Front
13%
Mexico Centre Left National Regeneration Movement
13%
Monaco Centre Left New Ideas for Monaco
13%
Montenegro Right New Serb Democracy
13%
Egypt Centre Right New Wafd
13%
Comoros Centre Party for the Reform of Institutions
13%
Iraq Centre Left Patriotic Union of Kurdistan
13%
Burkina Faso Centre Left People's Movement for Progress
13%
Guyana Centre Left People's Progressive Party
13%
Liberia ? People's Unification Party
13%
Belize Centre Left People's United Party
13%
Lebanon Left Progressive Socialist Party
13%
Argentina Centre Radical Civic Union
13%
Benin Centre Republican Bloc
13%
Moldova Left / Syncretic Revival Party
13%
Kosovo Single Issue Serb List
13%
Costa Rica Centre Social Democratic Progress Party
13%
Myanmar Military / Far Right Tatmadaw
13%
Croatia Centre Right The Bridge
13%
Ethiopia Left Tigray People's Liberation Front
13%
India Centre Trinamool Congress
13%
Burkina Faso Left Union for Rebirth / Sankarist Party
13%
Malawi Centre United Democratic Front
13%
Belize Centre Right United Democratic Party
13%
Gambia Centre Left United Democratic Party
13%
Central African Republic Centre Left United Hearts Movement
13%
Malaysia Right United Malays National Organisation
13%
Malawi Centre United Transformation Movement
13%
Kosovo Centre Left Vetëvendosje
13%
Croatia Centre Left We Can!
13%
Israel Centre Yesh Atid
13%
Malta Centre Left AD+PD
0%
Albania Centre Left Albania Becomes Initiative
0%
Lesotho Centre All Basotho Convention
0%
Guyana Centre Alliance for Change
0%
Gambia Right Alliance for Patriotic Reorientation and Construction
0%
Kosovo Centre Right Alliance for the Future of Kosovo
0%
Democratic Republic of the Congo Centre Left Alliance of Democratic Forces of Congo
0%
Democratic Republic of the Congo ? Allied Actions–All for the Development of Congo
0%
Kazakhstan Big Tent Amanat
0%
Kazakhstan Centre Right Aq Jol Democratic Party
0%
Myanmar Far Right Arakan National Party
0%
Guinea-Bissau Left Assembly of the People United–Democratic Party of Guinea-Bissau
0%
Morocco Syncretic Authenticity and Modernity Party
0%
Kazakhstan Centre Left Auyl People's Democratic Patriotic Party
0%
Bangladesh Right Bangladesh Jamaat-e-Islami
0%
Antigua and Barbuda Centre Left Barbuda People's Movement
0%
Lesotho Centre Left Basotho Action Party
0%
Bhutan Centre Bhutan Tendrel Party
0%
Botswana Centre Left Botswana Congress Party
0%
Botswana Centre Left Botswana National Front
0%
Botswana Big Tent Botswana Patriotic Front
0%
Guatemala Centre Cabal
0%
Cameroon Centre Cameroon Democratic Union
0%
Cameroon Centre Cameroonian Party for National Reconciliation
0%
Cameroon Big Tent Cameroon People's Democratic Movement
0%
Cambodia Centre Left Candlelight Party
0%
Chad Centre CAP–SUR
0%
Chad Centre Left Chadian Convention for Peace and Development
0%
China Left China Association for Promoting Democracy
0%
China Left China Democratic League
0%
China Left China National Democratic Construction Association
0%
Ecuador Centre Right Christian Social Party
0%
Argentina Centre Left Citizen's Unity
0%
Azerbaijan Right Civic Solidarity Party
0%
Republic of the Congo Centre Right Club 2002 – Party for the Unity and the Republic
0%
Iran Right Coalition Council of Islamic Revolution Forces
0%
Bahamas Centre Left Coalition of Independents
0%
Liberia Big Tent Congress for Democratic Change
0%
Estonia Right Conservative People's Party of Estonia
0%
Comoros Centre Left Convention for the Renewal of the Comoros
0%
Equatorial Guinea Centre Left Convergence for Social Democracy
0%
Iran Centre Left Council for Coordinating the Reforms Front
0%
Bolivia Far Right Creemos
0%
Lithuania Syncretic Dawn of Nemunas
0%
Malaysia Centre Left Democratic Action Party
0%
Cabo Verde Centre Right Democratic and Independent Cape Verdean Union
0%
Colombia Right Democratic Centre
0%
Lesotho Centre Left Democratic Congress
0%
Kosovo Centre Right Democratic League of Kosovo
0%
Antigua and Barbuda Centre Left Democratic National Alliance
0%
Bahamas Centre Left Democratic National Alliance
0%
Djibouti Centre Djibouti Union for Democracy and Justice
0%
Dominican Republic Centre Left Dominican Liberation Party
0%
Bhutan Centre Left Druk Nyamrup Tshogpa
0%
Bhutan Centre Right Druk Phuensum Tshogpa
0%
Mauritania Centre Right El Insaf
0%
Gabon Centre Ensemble pour le Gabon
0%
Ethiopia Centre Ethiopian Citizens for Social Justice
0%
Montenegro Centre Europe Now!
0%
Iraq Right Fatah Alliance
0%
Kyrgyzstan Right Fatherland Kyrgyzstan
0%
Madagascar Centre Left Fiovana Ivoaran'ny eny Ifotony
0%
Malta Centre Floriana First
0%
Georgia Centre For Georgia
0%
Latvia Centre For Stability!
0%
Abkhazia Right Forum for the National Unity of Abkhazia
0%
Bahamas Centre Right Free National Movement
0%
Djibouti Single Issue Front for the Restoration of Unity and Democracy
0%
Iran Far Right Front of Islamic Revolution Stability
0%
Cambodia Centre Right FUNCINPEC
0%
Algeria Centre Future Front
0%
Gabon Centre N/A Gabonese Patriotic Party
0%
Ethiopia Centre N/A Gedeo People's Democratic Party
0%
Malta Syncretic Għarb l-Ewwel
0%
Cambodia Centre Left Grassroots Democratic Party
0%
Indonesia Right Great Indonesia Movement Party
0%
Greece Right Greek Solution
0%
Finland Centre Left Green League
0%
Armenia Centre Right Hanrapetutyun Party
0%
Egypt Centre Homeland Defenders Party
0%
Monaco Right Horizon Monaco
0%
Angola Centre Left Humanist Party of Angola
0%
Armenia Centre Right I Have Honor Alliance
0%
Chile Right Independent Democratic Union
0%
Indonesia Centre Left Indonesian Democratic Party of Struggle
0%
Estonia Centre Right Isamaa
0%
Kyrgyzstan Centre Right Ishenim
0%
Bangladesh Right Islami Andolan Bangladesh
0%
China Left Jiusan Society
0%
Kenya Centre Right Jubilee Party
0%
Azerbaijan Centre Right Justice, Law, Democracy Party
0%
Myanmar Right Kayin People's Party
0%
Cambodia Centre Right Khmer National United Party
0%
Mongolia Centre Right KHÜN Nam
0%
Madagascar Centre Kôlektifa an'ny Malagasy
0%
Central African Republic Centre Left Kwa Na Kwa
0%
Gabon Centre N/A Large Rassemblement Arc-en-ciel
0%
Georgia Centre Left Lelo for Georgia
0%
Denmark Centre Right Liberal Alliance
0%
Iceland Centre Liberal Reform Party
0%
Guyana Centre Right Liberty and Justice Party
0%
Israel Far Right Mafdal – Religious Zionism
0%
Malaysia Right Malaysian United Indigenous Party
0%
Maldives Centre Maldives Development Alliance
0%
Mauritius Left Mauritian Militant Movement
0%
Kyrgyzstan Right Mekenchil
0%
Egypt Centre Modern Egypt Party
0%
Dominican Republic Centre Modern Revolutionary Party
0%
Cabo Verde Centre Movement for Democracy
0%
Liberia ? Movement for Democracy and Reconstruction
0%
Guinea-Bissau Centre Left Movement for Democratic Alternation, Group of 15
0%
Central African Republic Centre Left Movement for the Liberation of the Central African People
0%
Algeria Right Movement of Society for Peace
0%
Indonesia Centre Left NasDem Party
0%
Bolivia Syncretic National Action Party of Bolivia
0%
Latvia Right National Alliance
0%
Indonesia Centre National Awakening Party
0%
Bangladesh Centre Left National Citizen Party
0%
Burundi Centre National Congress for Liberty
0%
Algeria Right National Construction Movement
0%
Burundi Right National Council for the Defense of Democracy
0%
Mauritania Centre National Democratic Alliance
0%
Ghana Centre Left National Democratic Congress
0%
Grenada Centre Left National Democratic Congress
0%
Fiji Centre Left National Federation Party
0%
Angola Centre Right National Liberation Front of Angola
0%
Costa Rica Centre Left National Liberation Party
0%
Ethiopia Right National Movement of Amhara
0%
Central African Republic Centre National Movement of Independents
0%
Gambia Centre Right National People's Party
0%
Cyprus Far Right National Popular Front
0%
Chad Centre National Rally for Development and Progress
0%
Morocco Centre National Rally of Independents
0%
Gambia Centre Right National Reconciliation Party
0%
Cameroon Right National Union for Democracy and Progress
0%
Chad Centre Left National Union for Democracy and Renewal
0%
Guatemala Centre Right National Unity of Hope
0%
Egypt Big Tent Nation's Future Party
0%
Burkina Faso Centre Left New Era for Democracy
0%
Grenada Centre Right New National Party
0%
Ghana Centre Right New Patriotic Party
0%
Costa Rica Right New Republic Party
0%
Latvia Centre Right New Unity
0%
Albania Centre Right Opportunity Party
0%
Mozambique Centre Left Optimist Party for the Development of Mozambique
0%
Kenya Centre Left Orange Democratic Movement
0%
Ecuador Left Pachakutik Plurinational Unity Movement
0%
Republic of the Congo Centre Left Pan-African Union for Social Democracy
0%
Myanmar Far Right Pa-O National Organisation
0%
Malaysia Centre Left Parti Keadilan Rakyat
0%
Guinea-Bissau Centre Party for Social Renewal
0%
Abkhazia Centre Party for the Economic Development of Abkhazia
0%
Bosnia and Herzegovina Centre Right Party of Democratic Action
0%
Indonesia Centre Right Party of Functional Groups
0%
Chad Big Tent Patriotic Salvation Movement
0%
Liechtenstein Centre Right Patriotic Union
0%
Fiji Centre Right People's Alliance
0%
Gambia Left People's Democratic Organisation for Independence and Socialism
0%
Bhutan Centre People's Democratic Party
0%
Eritrea Big Tent People's Front for Democracy and Justice
0%
Maldives Centre Right People's National Congress
0%
Guyana Centre Left People's National Congress Reform
0%
Jamaica Centre Left People's National Party
0%
Djibouti Big Tent People's Rally for Progress
0%
Ecuador Far Left Popular Unity Movement
0%
Monaco Centre Right Priorité Monaco
0%
Liechtenstein Centre Right Progressive Citizens' Party
0%
Bahamas Centre Left Progressive Liberal Party
0%
Benin Centre Left Progressive Union for Renewal
0%
Armenia Centre Right Prosperous Armenia
0%
Colombia Centre Right Radical Change
0%
Gabon Big Tent Rally of Builders
0%
Côte d'Ivoire Centre Rally of Houphouëtists for Democracy and Peace
0%
Azerbaijan Centre Right Republican Alternative Party
0%
Egypt Centre Right Republican People’s Party
0%
Kazakhstan Centre Right Respublica
0%
Dominican Republic Centre Revolutionary Social Democratic Party
0%
Lesotho Centre Revolution for Prosperity
0%
Mauritius Left Rezistans ek Alternativ
0%
Mauritius Left Rodrigues People's Organisation
0%
Honduras Centre Savior Party of Honduras
0%
Israel Right Shas
0%
Dominican Republic Centre Right Social Christian Reformist Party
0%
Costa Rica Centre Right Social Christian Unity Party
0%
Cameroon Centre Left Social Democratic Front
0%
Fiji Centre Right Social Democratic Liberal Party
0%
Morocco Centre Left Socialist Union of Popular Forces
0%
Angola Centre Left Social Renewal Party
0%
Iraq Syncretic State of Law Coalition
0%
Dominica Centre Team Unity Dominica
0%
Mauritania Right Tewassoul
0%
Liechtenstein Right The Independents
0%
Andorra Centre Right Third Way
0%
Kiribati Centre Tobwaan Kiribati Party
0%
Côte d'Ivoire Centre Left Together for Democracy and Sovereignty
0%
Central African Republic Centre Union for Central African Renewal
0%
Côte d'Ivoire Centre Union for Democracy and Peace in Ivory Coast
0%
Mauritania Centre Union for Democracy and Progress
0%
Democratic Republic of the Congo Centre Left Union for Democracy and Social Progress
0%
Burundi Centre Right Union for National Progress
0%
Burkina Faso Centre Union for Progress and Reform
0%
Democratic Republic of the Congo Centre Left Union for the Congolese Nation
0%
Lithuania Centre Left Union of Democrats "For Lithuania"
0%
Latvia Centre Union of Greens and Farmers
0%
Republic of the Congo Centre Right Union of Humanist Democrats-Yuki
0%
Myanmar Far Right Union Solidarity and Development Party
0%
Kenya Centre Right United Democratic Alliance
0%
Latvia Centre United List
0%
Georgia Centre United National Movement
0%
Antigua and Barbuda Centre Left United Progressive Party
0%
Dominica Centre United Workers' Party
0%
Fiji Centre Left Unity Fiji Party
0%
Guatemala Right Valor
0%
El Salvador Centre Vamos
0%
Guatemala Centre Right VAMOS
0%
Belize Centre Vision Inspired by the People
0%
Iran Centre Voice of the Nation
0%
Kenya Centre Left Wiper Democratic Movement
0%
Guyana Left Working People's Alliance
0%
Kyrgyzstan Centre Right Yntymak
0%
Madagascar Centre Left Young Malagasies Determined
0%
No matching quizzes found
Score Distribution
Percent of People with Each Score
Percentile by Number Answered
Your Score History
You have not taken this quiz since the last reset